Robin hood /

Guardado en:
Autor Principal: Anónimo
Otros Autores: Olivero, Pablo; il.
Formato: Libro
Publicado: Buenos Aires : Clarín, 2014
Series:Grandes clásicos bilingües para chicos ; 2
Materias:
Etiquetas: Agregar Etiqueta
Sin Etiquetas, Sea el primero en etiquetar este registro!
LEADER 00846nam a22002775a 4500
001 CEM.cems014470
005 20140925163410.0
008 130507s2014##################000#0#####d
003 CEMS
020 |a 9789870728658 
082 0 4 |a 823.9 
100 1 |a Anónimo 
245 1 0 |a Robin hood /  |c Anónimo; ilustrado Por Pablo Olivero 
260 |a Buenos Aires :  |b Clarín,  |c 2014 
300 |a 42 p. 
490 0 |a Grandes clásicos bilingües para chicos ; 2 
500 |a Basado en la novela de Howard Pyletexto en castellano e inglés 
653 |a Literatura 
653 |a Literatura inglesa 
653 |a Literatura británica 
653 |a Novelas 
653 |a Novelas inglesas 
653 |a Novelas de aventuras 
653 |a Libros bilingue 
700 1 |a Olivero, Pablo; il. 
859 |a CEMS  |b BIB. CEMS - 11 de abril  |h 823.9  |i Av34-2  |p 27038.14  |t Ej.1